000 00683nam0a22002291 4500
001 rc\798491
005 20041129090651.9
035 _a(NLR Aleph) 005982754
090 _a7045837
_c7045837
100 _a20041129d1983 u |0rusy50 ca
101 0 _arus
102 _aRU
105 _ay |||||||||
200 1 _aПопытка старомодного романа
_eРоман
_fЕлена Криштоф
210 _aСимферополь
_cТаврия
_d1983
215 _a366 с.
_d20
700 1 _aКриштоф
_bЕ. Г.
_f1925-
_gЕлена Георгиевна
801 0 _aRU
_bNLR
_gpsbo
801 1 _aRU
_bELAR
_2rusmarc
852 _aNLR
_j84-3/1867
942 _cBOOK
980 _aNB